000 00640nam a22001937a 4500
999 _c69021
_d69021
005 20181204160158.0
010 _aB-456992
020 _a9780143414179, 9780140265729
_c299.00
035 _aB-456992, B-214489, B-214493
037 _adpl
_bK.K.Pub/Ven
082 _aS
100 _aChandra, Vikram
245 _aLove and longing in Bombay/
_cby Vikram Chandra
260 _aNew Delhi
_bpenguin
_c2010
270 _a11 community centre panchsheel park
_bNew Delhi
_e110017
300 _a268 p.
_c18cm (pbk)
942 _2ddc
_cEN
_mCHA
_hS